Christmas Quiz! - Statistics

General Stats
  • This quiz has been taken 406 times
  • The average score is 5 of 7
Answer Stats
Hint Answer % Correct
The sparkly stuff you wrap around a Christmas tree Tinsel
92%
The striped sweets sometimes hung on the christmas tree Candy Cane
90%
What sweet treat is often placed in advent calendars? Chocolate
89%
What the wise men followed to Bethlehem Star
88%
A pudding traditionally set on fire to burn off the alcohol Christmas Pudding
54%
Start Of Advent December 1st
47%
The small decoration you hang on the tree Baubles
43%
No matching quizzes found
Score Distribution
Percent of People with Each Score
Percentile by Number Answered
Your Score History
You have not taken this quiz